Odborný jazyk na vysokých školách V sborník prací z mezinárodní konference
Guardado en:
| Autores Corporativos: | , |
|---|---|
| Otros Autores: | |
| Formato: | Libro |
| Lenguaje: | checo inglés alemán eslovaco francés ruso español |
| Publicado: |
Praha
Katedra jazyků Provozně ekonomické fakulty České zemědělské univerzity v Praze
2009
|
| Materias: | |
| Etiquetas: |
Sin Etiquetas, Sea el primero en etiquetar este registro!
|
MARC
| LEADER | 00000nlm$a2200000$$$4500 | ||
|---|---|---|---|
| 001 | 0091600 | ||
| 005 | 20240109071606.9 | ||
| 020 | |a 978-80-213-1901-1 | ||
| 041 | 0 | |a cze | |
| 041 | 0 | |a eng | |
| 041 | 0 | |a ger | |
| 041 | 0 | |a slo | |
| 041 | 0 | |a fre | |
| 041 | 0 | |a rus | |
| 041 | 0 | |a spa | |
| 044 | |a CZ | ||
| 245 | 1 | 0 | |a Odborný jazyk na vysokých školách V |b sborník prací z mezinárodní konference |c recenzenti: Milena Dvořáková ... [et al.] |
| 264 | 1 | |a Praha |b Katedra jazyků Provozně ekonomické fakulty České zemědělské univerzity v Praze |c 2009 | |
| 300 | |a CD-ROM | ||
| 610 | 2 | 0 | |a jazykoveda |
| 610 | 2 | 0 | |a terminológia |
| 610 | 2 | 0 | |a školy vysoké |
| 610 | 2 | 0 | |a jazyky cudzie |
| 700 | 1 | |a Dvořáková, Milena | |
| 110 | 2 | |a Odborný jazyk na vysokých školách. Mezinárodní konference | |
| 710 | 2 | |a Provozně ekonomická fakulta České zemědělské univerzity v Praze. Katedra jazyků | |